Przywódcy państw - Statystyki

Ogólne statystyki
  • Ten quiz został rozwiązany 193 razy
    192 od ostatniego zresetowania
  • Średni wynik to 11 z 22
Statystyki odpowiedzi
Hint Odpowiedź % Poprawnych
Prezydent/Polska Andrzej Duda
99%
Premier/Polska Mateusz Morawiecki
95%
Prezydent/Rosja Władimir Putin
95%
Prezydent/USA Joe Biden
91%
Prezydent/Francja Emmanuel Macron
85%
Królowa/Wielka Brytania Elżbieta II
79%
Prezydent/Bialoruś Aleksandr Łukaszenka
77%
Prezydent/ Turcja Recep Erdoğan
65%
Prezydent/Ukraina Wołodymyr Zełenski
63%
Premier/Wielka Brytania Boris Johnson
59%
Premier/Węgry Viktor Orbán
56%
Prezydent/Chiny Xi Jinping
49%
Prezydent/Syria Baszszar al-Asad
29%
Premier/Kanady Justin Trudeau
29%
Prezydent/Wenezuela Nicolás Maduro
29%
Przywódca/Korea Północna Kim Dzong Un
26%
Cesarz/Japonia Naruhito
21%
Kanclerz/Niemcy Angela Merkel
19%
Prezydent/Brazylia Jair Bolsonaro
18%
Król/Hiszpania Filip IV Burbon
9%
Król/Arabia Saudyjska Salman Al' Saud
2%
Prezydent/Iran Hasan Rouhani
1%
Nie znaleziono quizów pasujących do podanych kryteriów
Rozkład punktacji
Procent ludzi z każdym wynikiem
Percentyl według liczby udzielonych odpowiedzi
Twoja historia wyników
Nie rozwiązałeś tego quizu od ostatniego zresetowania